| 000 | 00610nam a2200157 i 4500 | ||
|---|---|---|---|
| 001 | 50496 | ||
| 003 | ES-MaACL | ||
| 005 | 20230906162206.0 | ||
| 007 | t| | ||
| 008 | 030805s1948 sp ||||1| spa d | ||
| 100 | 1 |
_aCuadrillero Escalera, Antonio. _941906 |
|
| 245 | 1 | 0 |
_aSecretario de ayuntamiento _b: 3ª categoría : contestaciones al programa del 1er ejercicio de la oposición convocada por orden de 18 de mayo de 1948 / _cadaptadas por Antonio Cuadrillero Escalera. |
| 260 |
_aMadrid : _bEl Consultor de los Ayuntamientos, _c1948. |
||
| 300 |
_a110 p. ; _c21 cm. |
||
| 852 |
_aES-MaACL _j1886-F-4 _bR.26081 |
||
| 999 |
_c50496 _d50496 |
||